| 000 | 00357 a2200169 4500 | ||
|---|---|---|---|
| 001 | 195442 | ||
| 020 | _a978-65-5612-009-6 | ||
| 040 | _cMagnum | ||
| 100 | _aBraga, Rubem | ||
| 240 | 1 | 0 |
_aO menino e o tuim _l |
| 245 | 1 | 0 | _aO menino e o tuim |
| 300 | _a25 | ||
| 362 | 0 | _a2020 | |
| 440 | 1 | _aGlobal | |
| 697 | _aLITERATURA INFANTO-JUVENIL | ||
| 942 | _cBK | ||
| 999 |
_c195442 _d195442 |
||